[Event "Polofinale MCR junioru 2013"]
[Site "Havlickuv Brod - hotel Slunce"]
[Date "2013.11.22"]
[Round "8.3"]
[White "Haman, Jakub"]
[Black "Marek, Matyas"]
[Result "1/2-1/2"]
[WhiteElo "2182"]
[BlackElo "2017"]
[PlyCount "74"]
[EventDate "2013.11.17"]

1. c4 Nf6 2. Nc3 g6 3. g3 Bg7 4. Bg2 O-O 5. e4 d6 6. Nge2 c5 7. O-O Nc6 8. d3
Ne8 9. Be3 Nd4 10. Rb1 Nc7 11. f4 Rb8 12. b4 Nce6 13. f5 Nxe2+ 14. Nxe2 Nd4 15.
Nxd4 cxd4 16. Bd2 e6 17. Bh3 Bd7 18. Qc1 e5 19. b5 Re8 20. Qa3 Qc7 (20... Qe7
21. Ba5 b6 22. Bb4 Bf8 23. Rf2 f6 24. Qb3 (24. Qxa7) 24... Kg7 25. Rbf1) 21.
Ba5 b6 22. Bb4 Bf8 23. Rf2 f6 24. Qb3 Kg7 25. Rbf1 Be7 26. a4 Rf8 27. Ra2 g5
28. a5 Rb7 29. axb6 axb6 30. Rfa1 Rfb8 31. Bg4 Be8 (31... Bf8 32. Qd1) 32. Qd1
Bf7 33. h4 h6 34. Kg2 Rh8 35. Bh5 Bf8 36. Ra8 Qd7 37. R1a6 Kh7 1/2-1/2

[Event "Polofinale MCR junioru 2013"]
[Site "Havlickuv Brod - hotel Slunce"]
[Date "2013.11.22"]
[Round "8.4"]
[White "Machan, Jan"]
[Black "Nguyen, Thai Dai Van"]
[Result "1/2-1/2"]
[WhiteElo "2144"]
[BlackElo "2176"]
[PlyCount "71"]
[EventDate "2013.11.17"]

1. Nf3 c5 2. g3 Nc6 3. d4 d5 4. Bg2 Nf6 5. O-O g6 6. dxc5 Bg7 7. c4 dxc4 8.
Qxd8+ Nxd8 9. Ne5 Nd7 10. Nxc4 Nxc5 11. Nc3 Bxc3 12. bxc3 Bg4 13. Re1 Rc8 14.
Ne3 Be6 15. c4 b6 16. Bb2 f6 17. Rac1 Ndb7 18. Red1 Kf7 19. Kf1 Rhd8 20. Rxd8
Rxd8 21. Ke1 Na5 22. Bd5 Rc8 23. Rc2 Na4 24. Bd4 Nc6 25. Bc3 Nxc3 26. Rxc3 Nb4
27. Bxe6+ Kxe6 28. Ra3 a5 29. Rb3 Rc6 30. a3 Na6 31. Nd5 Rxc4 32. Nxb6 Rc2 33.
Kd1 Rc6 34. Na4 Nc5 35. Nxc5+ Rxc5 36. Kd2 1/2-1/2

[Event "Polofinale MCR junioru 2013"]
[Site "Havlickuv Brod - hotel Slunce"]
[Date "2013.11.22"]
[Round "8.5"]
[White "Balacek, Tadeas"]
[Black "Skalicky, Tomas"]
[Result "1-0"]
[WhiteElo "2201"]
[BlackElo "1989"]
[PlyCount "57"]
[EventDate "2013.11.17"]

1. Nf3 d5 2. c4 e6 3. g3 Nf6 4. b3 Be7 5. Bg2 O-O 6. O-O c5 7. Bb2 Nc6 8. e3 b6
9. Nc3 Ba6 10. d3 Qd7 11. Qe2 Rfd8 12. Rfd1 Rac8 13. Rac1 h6 14. h3 d4 15. exd4
Nxd4 16. Nxd4 cxd4 17. Ne4 Nxe4 18. Qxe4 f5 19. Qe2 Bf6 20. f4 Re8 21. Re1 Bb7
22. Bxb7 Qxb7 23. Qg2 Qd7 24. Re2 e5 25. fxe5 Rxe5 26. Rxe5 Bxe5 27. Re1 Bf6
28. Ba3 Re8 29. Qd5+ 1-0

[Event "Polofinale MCR junioru 2013"]
[Site "Havlickuv Brod - hotel Slunce"]
[Date "2013.11.22"]
[Round "8.6"]
[White "Kozusek, Daniel"]
[Black "Szotkowski, Jakub"]
[Result "0-1"]
[WhiteElo "2085"]
[BlackElo "2183"]
[PlyCount "85"]
[EventDate "2013.11.17"]

1. d4 Nf6 2. g3 d5 3. Nf3 c6 4. Bg2 Bf5 5. O-O e6 6. c4 Nbd7 7. Nbd2 h6 8. b3
Bd6 9. Bb2 O-O 10. Ne5 Qc7 11. Ndf3 Be4 12. Rc1 Rfe8 13. Nd3 Rad8 14. c5 Bf8
15. Nfe5 Bxg2 16. Kxg2 g6 17. Rc2 Bg7 18. h4 Nf8 19. Bc1 N6h7 20. f4 Nf6 21. e3
Ne4 22. h5 g5 23. Bb2 f6 24. Ng4 f5 25. Nge5 Bxe5 26. Nxe5 g4 27. Kh1 Kh7 28.
Qe1 Nd7 29. Ng6 Ra8 30. Qc1 Qa5 31. a3 Qb5 32. b4 a5 33. bxa5 Rxa5 34. Bc3 Nxc3
35. Rxc3 Qe2 36. Kg1 Qf3 37. Qe1 Rea8 38. Nh4 Qe4 39. Qc1 b5 40. cxb6 Nxb6 41.
Rxc6 Rxa3 42. Nxf5 Ra1 43. Rc7+ 0-1

[Event "Polofinale MCR junioru 2013"]
[Site "Havlickuv Brod - hotel Slunce"]
[Date "2013.11.22"]
[Round "8.7"]
[White "Chmel, Kristian"]
[Black "Slampa, Jan"]
[Result "1-0"]
[WhiteElo "2002"]
[BlackElo "2097"]
[PlyCount "85"]
[EventDate "2013.11.17"]

1. d4 Nf6 2. c4 c5 3. Nf3 g6 4. Nc3 cxd4 5. Nxd4 Bg7 6. g3 O-O 7. Bg2 Nc6 8.
Nb3 d6 9. O-O Be6 10. Nd5 Qd7 11. Nd2 Rac8 12. Rb1 Ne5 13. b3 Bf5 14. e4 Bh3
15. Bb2 Nxd5 16. cxd5 Bh6 17. f4 Nd3 18. Ba1 Nb4 19. Nc4 Bg7 20. Bxg7 Kxg7 21.
a3 Na6 22. Qd4+ Kg8 23. Qxa7 Bxg2 24. Kxg2 Rc5 25. Ne3 Qb5 26. Kf3 Rfc8 27. b4
Rc3 28. a4 Qxa4 29. Qxb7 Qa2 30. Rbe1 R3c7 31. Qb5 Rb8 32. Qa5 Qxa5 33. bxa5
Rb3 34. Rb1 Ra3 35. Ra1 Rcc3 36. Rxa3 Rxa3 37. Rc1 Nc5 38. h4 Rxa5 39. Rc3 Kg7
40. Nc4 Ra1 41. e5 dxe5 42. fxe5 Rd1 43. Ne3 1-0

[Event "Polofinale MCR junioru 2013"]
[Site "Havlickuv Brod - hotel Slunce"]
[Date "2013.11.22"]
[Round "8.8"]
[White "Toman, Ondrej"]
[Black "Pulpan, Jakub"]
[Result "0-1"]
[WhiteElo "2080"]
[BlackElo "2089"]
[PlyCount "102"]
[EventDate "2013.11.17"]

1. e4 c5 2. Nc3 Nc6 3. Bb5 Nd4 4. Bc4 e6 5. Nge2 Ne7 6. O-O Nec6 7. Nxd4 Nxd4
8. f4 g6 9. d3 Bg7 10. e5 d5 11. exd6 Qxd6 12. Ne4 Qc7 13. c3 b5 14. Bb3 Nf5
15. Qf3 O-O 16. g4 Bb7 17. Qf2 c4 18. Qc5 Qd7 19. gxf5 exf5 20. dxc4 fxe4 21.
Be3 Qg4+ 22. Kh1 bxc4 23. Qxc4 Qh3 24. Qe2 Rad8 25. Rae1 Rd3 26. Kg1 Ba6 27.
Qf2 Rfd8 28. f5 Rxe3 29. Rxe3 Qxf1+ 30. Qxf1 Bxf1 31. Kxf1 gxf5 32. Ke2 Rd6 33.
Rg3 Rg6 34. Rxg6 hxg6 35. Bd5 Kf8 36. Kd2 Ke7 37. b4 Bh6+ 38. Ke2 f6 39. c4 Bc1
40. a4 Ba3 41. b5 g5 42. a5 Bc5 43. b6 axb6 44. a6 b5 45. cxb5 Kd6 46. Bc6 Ke5
47. Kf1 f4 48. h3 f3 49. b6 Bxb6 50. Bb5 e3 51. Bc6 e2+ 0-1

[Event "Polofinale MCR junioru 2013"]
[Site "Havlickuv Brod - hotel Slunce"]
[Date "2013.11.22"]
[Round "8.9"]
[White "Kozel, Jiri"]
[Black "Starek, Stanislav"]
[Result "1-0"]
[WhiteElo "2014"]
[BlackElo "2135"]
[PlyCount "76"]
[EventDate "2013.11.17"]

1. e4 d6 2. d4 Nf6 3. Nc3 e5 4. Nf3 Nbd7 5. Bc4 Be7 6. Bxf7+ Kxf7 7. Ng5+ Kg8
8. Ne6 Qe8 9. Nxc7 Qg6 10. Nxa8 Qxg2 11. Rf1 exd4 12. Qe2 Nc5 13. f3 Bh3 14.
Qxg2 Bxg2 15. Rf2 Bh3 16. Nb5 Kf7 17. Nac7 Rc8 18. Bf4 Kf8 19. Nd5 Nxd5 20.
exd5 d3 21. c3 a6 22. Nd4 Kf7 23. O-O-O g5 24. Be3 Bf6 25. Ne6 Bf5 26. Nxg5+
Bxg5 27. Bxg5 Rg8 28. h4 Nd7 29. Re1 Re8 30. Rxe8 Kxe8 31. Bf4 Nb6 32. Bxd6
Nxd5 33. Kd2 Kf7 34. Rg2 Nb6 35. b4 Ke6 36. Bh2 Bg4 37. Rxg4 Nd7 38. Kxd3 b5
1-0

[Event "Polofinale MCR junioru 2013"]
[Site "Havlickuv Brod - hotel Slunce"]
[Date "2013.11.22"]
[Round "8.10"]
[White "Kraus, Tomas"]
[Black "Kaluzny, Matyas"]
[Result "1-0"]
[WhiteElo "2346"]
[BlackElo "1985"]
[PlyCount "49"]
[EventDate "2013.11.17"]

1. d4 Nf6 2. Nf3 g6 3. Nc3 d5 4. Bf4 Bg7 5. e3 O-O 6. Be2 b6 7. Qd2 Bb7 8. h4
Ne4 9. Nxe4 dxe4 10. Ne5 Nd7 11. Nc4 Qe8 12. Bxc7 Rc8 13. Bf4 Rc6 14. O-O-O e5
15. dxe5 Nxe5 16. Nxe5 Bxe5 17. Bb5 Rxc2+ 18. Qxc2 Qxb5 19. Bxe5 Qxe5 20. Kb1
Ba6 21. Ka1 Rc8 22. Qd2 Bd3 23. Rc1 Rd8 24. Qc3 Qf5 25. h5 1-0

[Event "Polofinale MCR junioru 2013"]
[Site "Havlickuv Brod - hotel Slunce"]
[Date "2013.11.22"]
[Round "8.11"]
[White "Braun, Marek"]
[Black "Wagner, Vojtech"]
[Result "1/2-1/2"]
[WhiteElo "2229"]
[BlackElo "1887"]
[PlyCount "41"]
[EventDate "2013.11.17"]

1. d4 d5 2. g3 g6 3. Nf3 Bg7 4. Bg2 Nf6 5. O-O O-O 6. Nc3 c6 7. Bf4 Bf5 8. h3
Ne4 9. Nxe4 Bxe4 10. Qd2 Nd7 11. Rfd1 Re8 12. Rac1 Bxf3 13. Bxf3 e5 14. Bg5 Qb6
15. c3 Qa5 16. b3 exd4 17. cxd4 Qxd2 18. Rxd2 Nf8 19. Be3 Ne6 20. Bg2 f5 21. f4
1/2-1/2

[Event "Polofinale MCR junioru 2013"]
[Site "Havlickuv Brod - hotel Slunce"]
[Date "2013.11.22"]
[Round "8.12"]
[White "Stachon, Martin"]
[Black "Seidl, Stepan"]
[Result "1/2-1/2"]
[WhiteElo "2113"]
[BlackElo "2212"]
[PlyCount "118"]
[EventDate "2013.11.17"]

1. e4 c5 2. Nf3 d6 3. d4 cxd4 4. Qxd4 Bd7 5. c4 Nc6 6. Qe3 Nf6 7. h3 g6 8. Nc3
Bg7 9. Bd2 O-O 10. Be2 e6 11. O-O d5 12. exd5 exd5 13. Nxd5 Nxd5 14. cxd5 Re8
15. Qd3 Ne7 16. Bg5 Bf5 17. Qb3 h6 18. Bxe7 Rxe7 19. Bc4 Qb6 20. Rfe1 Rae8 21.
Qxb6 axb6 22. Rxe7 Rxe7 23. Rd1 Bd7 24. b3 b5 25. Bf1 b4 26. Bc4 b5 27. Bf1 Kf8
28. Nd4 Re5 29. Nxb5 Ke7 30. d6+ Kd8 31. Nc7 Ra5 32. Bc4 Rxa2 33. Bxf7 g5 34.
Ne6+ Bxe6 35. Bxe6 Ra6 36. Bg4 Ra1 37. Rxa1 Bxa1 38. Kf1 Be5 39. d7 h5 40. Bxh5
Kxd7 41. Ke2 Ke6 42. Ke3 Kf6 43. Kf3 Bd4 44. Kg3 Kf5 45. Bg4+ Ke4 46. Bc8 Bf6
47. Kg4 Ke5 48. Kf3 Bd8 49. Ke3 Bb6+ 50. Kf3 Bd8 51. Kg4 Be7 52. Kh5 Bd8 53.
Kg6 Be7 54. Kg7 Bd8 55. g3 Be7 56. h4 gxh4 57. f4+ Kd4 58. g4 Kc3 59. Kf7 Bc5
1/2-1/2

[Event "Polofinale MCR junioru 2013"]
[Site "Havlickuv Brod - hotel Slunce"]
[Date "2013.11.22"]
[Round "8.13"]
[White "Kratochvil, Vit"]
[Black "Riha, Jaroslav"]
[Result "1/2-1/2"]
[WhiteElo "2040"]
[BlackElo "2028"]
[PlyCount "84"]
[EventDate "2013.11.17"]

1. e4 d6 2. d4 Nf6 3. Nc3 g6 4. Bg5 c6 5. Qd2 Nbd7 6. O-O-O Qc7 7. Kb1 b5 8.
Bd3 a6 9. f4 Bb7 10. Nf3 c5 11. dxc5 dxc5 12. e5 Nd5 13. Rhe1 e6 14. Nxd5 Bxd5
15. Be4 Bxe4 16. Rxe4 Be7 17. Bxe7 Kxe7 18. Qf2 Rhd8 19. Qh4+ Ke8 20. Ree1 h5
21. Ng5 Nb6 22. Ne4 Nd5 23. Nd6+ Rxd6 24. exd6 Qxd6 25. f5 gxf5 26. Qxh5 Rd8
27. Qh8+ Ke7 28. Qh4+ Kd7 29. c4 bxc4 30. Qxc4 Rb8 31. h4 Rb4 32. Qc2 Rxh4 33.
a3 Rg4 34. Qb3 Qc6 35. Qf3 c4 36. Re5 Kd6 37. Rexd5+ exd5 38. Qxf5 Rxg2 39.
Qxf7 Re2 40. Qf8+ Kd7 41. Qf7+ Kd6 42. Qf8+ Kc7 1/2-1/2

[Event "Polofinale MCR junioru 2013"]
[Site "Havlickuv Brod - hotel Slunce"]
[Date "2013.11.22"]
[Round "8.14"]
[White "Dobes, Vojtech"]
[Black "Liska, Jiri"]
[Result "0-1"]
[WhiteElo "2116"]
[BlackElo "1865"]
[PlyCount "70"]
[EventDate "2013.11.17"]

1. d4 Nf6 2. c4 g6 3. Nc3 d5 4. cxd5 Nxd5 5. e4 Nxc3 6. bxc3 Bg7 7. Be3 c5 8.
Qd2 Qa5 9. Rc1 O-O 10. d5 Nd7 11. Nf3 b5 12. Bh6 Nf6 13. Bxg7 Kxg7 14. e5 Ne8
15. h4 h5 16. c4 Qxd2+ 17. Nxd2 Bb7 18. cxb5 Bxd5 19. Rxc5 Bxa2 20. Bc4 Bxc4
21. Nxc4 Kg8 22. Kd2 Ng7 23. Rc7 Rfd8+ 24. Kc3 Nf5 25. Ra1 Rab8 26. Ra5 Rd5 27.
Na3 Rxe5 28. Rcxa7 Rc8+ 29. Kd2 Rd5+ 30. Ke2 Re5+ 31. Kf3 Rc3+ 32. Kf4 Re2 33.
f3 e6 34. b6 e5+ 35. Rxe5 Rxe5 0-1

[Event "Polofinale MCR junioru 2013"]
[Site "Havlickuv Brod - hotel Slunce"]
[Date "2013.11.22"]
[Round "8.15"]
[White "Hrdina, Robin"]
[Black "Skorepa, Jakub"]
[Result "1-0"]
[WhiteElo "2080"]
[BlackElo "1804"]
[PlyCount "57"]
[EventDate "2013.11.17"]

1. Nf3 d5 2. g3 c5 3. Bg2 Nc6 4. O-O Nf6 5. d4 e6 6. b3 Bd6 7. Bb2 O-O 8. c4
Bd7 9. Nbd2 Rc8 10. Re1 cxd4 11. Nxd4 Ne7 12. cxd5 Nfxd5 13. e4 Nb4 14. Nc4 Bb8
15. Qd2 a5 16. a3 Na6 17. Nxa5 b6 18. Nc4 Nc5 19. Rad1 b5 20. Nxb5 Bxb5 21. Qc3
f6 22. Rxd8 Rfxd8 23. Bf1 Bxc4 24. Bxc4 Be5 25. Qc2 Bxb2 26. Qxb2 Kh8 27. b4
Nd3 28. Bxd3 Rxd3 29. b5 1-0

[Event "Polofinale MCR junioru 2013"]
[Site "Havlickuv Brod - hotel Slunce"]
[Date "2013.11.22"]
[Round "8.16"]
[White "Cap, Adam"]
[Black "Liduch, Filip"]
[Result "1-0"]
[WhiteElo "2075"]
[BlackElo "1856"]
[PlyCount "42"]
[EventDate "2013.11.17"]

1. d3 d5 2. Nf3 Nf6 3. g3 e6 4. Bg2 Be7 5. O-O O-O 6. b3 b6 7. c4 c6 8. Bb2 Bb7
9. Nbd2 Nbd7 10. Qc2 c5 11. Rfe1 Qc7 12. cxd5 Nxd5 13. a3 Bf6 14. Rac1 Rac8 15.
e4 Bxb2 16. Qxb2 N5f6 17. Nd4 Qd8 18. e5 Ne8 19. b4 cxd4 20. Qxd4 Nb8 21. Ne4
Qxd4 1-0

[Event "Polofinale MCR junioru 2013"]
[Site "Havlickuv Brod - hotel Slunce"]
[Date "2013.11.22"]
[Round "8.17"]
[White "Ptacek, Tomas"]
[Black "Kamarad, Frantisek"]
[Result "1-0"]
[WhiteElo "2024"]
[BlackElo "1713"]
[PlyCount "31"]
[EventDate "2013.11.17"]

1. d4 d5 2. Nf3 Nf6 3. e3 Bg4 4. c4 c6 5. Nc3 Nbd7 6. h3 Bh5 7. cxd5 cxd5 8.
Qb3 Qb6 9. Nxd5 Qxb3 10. Nxf6+ exf6 11. axb3 Bxf3 12. gxf3 Bb4+ 13. Bd2 Bxd2+
14. Kxd2 Nb6 15. Bd3 g6 16. Be4 1-0

[Event "Polofinale MCR junioru 2013"]
[Site "Havlickuv Brod - hotel Slunce"]
[Date "2013.11.22"]
[Round "8.18"]
[White "Tuma, Jan"]
[Black "Hanl, Frantisek"]
[Result "0-1"]
[WhiteElo "1817"]
[BlackElo "1969"]
[PlyCount "34"]
[EventDate "2013.11.17"]

1. e4 c6 2. d4 d5 3. exd5 cxd5 4. c4 g6 5. Nc3 Nf6 6. Nf3 Bg7 7. Bd3 O-O 8. O-O
Nc6 9. Be3 Bg4 10. c5 b6 11. h3 Bxf3 12. Qxf3 bxc5 13. Ne2 c4 14. Bxc4 Nxd4 15.
Bxd4 dxc4 16. Rac1 Rc8 17. Rc3 Ne4 0-1

[Event "Polofinale MCR junioru 2013"]
[Site "Havlickuv Brod - hotel Slunce"]
[Date "2013.11.22"]
[Round "8.19"]
[White "Havelka, Jan"]
[Black "Chromik, Tomas"]
[Result "0-1"]
[WhiteElo "1835"]
[BlackElo "1940"]
[PlyCount "53"]
[EventDate "2013.11.17"]

1. e4 e5 2. Nf3 Nf6 3. Nxe5 d6 4. Nf3 Nxe4 5. d3 Nf6 6. d4 d5 7. c4 Bb4+ 8. Nc3
Qe7+ 9. Be2 Ne4 10. Qb3 dxc4 11. Qxc4 Be6 12. d5 Bxd5 13. Qxd5 Nxc3 14. bxc3
Bxc3+ 15. Bd2 c6 16. Qb3 Bxa1 17. O-O O-O 18. Rxa1 Qxe2 19. Qxb7 Qa6 20. Qxa8
Nd7 21. Qxf8+ Kxf8 22. h3 f6 23. a4 Ke7 24. a5 Qb5 25. Rc1 c5 26. g3 h6 27.
Re1+ 0-1

[Event "Polofinale MCR junioru 2013"]
[Site "Havlickuv Brod - hotel Slunce"]
[Date "2013.11.22"]
[Round "8.20"]
[White "Melichar, Vojtech"]
[Black "Cermak, Jan"]
[Result "1/2-1/2"]
[WhiteElo "1939"]
[BlackElo "1685"]
[PlyCount "58"]
[EventDate "2013.11.17"]

1. e4 c5 2. Nf3 Nc6 3. d4 cxd4 4. Nxd4 Nf6 5. Nc3 e5 6. Ndb5 d6 7. Nd5 Nxd5 8.
exd5 Nb8 9. c4 Bd7 10. Nc3 Be7 11. Bd3 O-O 12. O-O f5 13. f3 Bc8 14. Qc2 Na6
15. a3 Nc5 16. Be3 Nxd3 17. Qxd3 f4 18. Bf2 Bf5 19. Ne4 b6 20. b4 Rc8 21. Rac1
Bh4 22. Bxh4 Qxh4 23. Qe2 Qe7 24. Rc3 Rc7 25. Rfc1 Rfc8 26. Nd2 Bg6 27. Qf2 Bf7
28. Ne4 Bg6 29. Nd2 Bf7 1/2-1/2

[Event "Polofinale MCR junioru 2013"]
[Site "Havlickuv Brod - hotel Slunce"]
[Date "2013.11.22"]
[Round "8.21"]
[White "Walek, Petr"]
[Black "Kopriva, Martin"]
[Result "1-0"]
[WhiteElo "2099"]
[BlackElo "1832"]
[PlyCount "105"]
[EventDate "2013.11.17"]

1. e4 c5 2. Nf3 d6 3. d4 cxd4 4. Nxd4 Nf6 5. Nc3 e6 6. Bg5 a6 7. f4 Nbd7 8. Qf3
Qc7 9. O-O-O Be7 10. g4 O-O 11. Rg1 b5 12. Bxf6 Bxf6 13. g5 Bxd4 14. Rxd4 Bb7
15. Bh3 Rac8 16. Rgd1 Rfd8 17. Qf2 Nc5 18. Qd2 Qa5 19. a3 Ba8 20. Bg2 g6 21.
Kb1 Nb7 22. f5 e5 23. Rd5 Rc4 24. f6 Rdc8 25. Rd3 b4 26. axb4 Qxb4 27. Nd5 Qxd2
28. R1xd2 Rd8 29. Ra3 Nc5 30. Nb6 Rb4 31. Nxa8 Rxa8 32. Rxd6 Rab8 33. b3 Nxe4
34. Bxe4 Rxe4 35. Rdxa6 h6 36. Ra8 Reb4 37. gxh6 Kh7 38. Rxb8 Rxb8 39. Ra7 Rf8
40. Re7 Kxh6 41. Rxe5 g5 42. Rf5 Re8 43. Rf2 Re3 44. Kb2 g4 45. c4 Rf3 46. Rc2
Rxf6 47. c5 Rc6 48. b4 f5 49. b5 Rc8 50. c6 f4 51. c7 g3 52. hxg3 fxg3 53. b6
1-0

[Event "Polofinale MCR junioru 2013"]
[Site "Havlickuv Brod - hotel Slunce"]
[Date "2013.11.22"]
[Round "8.22"]
[White "Hajek, Oskar"]
[Black "Alfimov, Igor"]
[Result "0-1"]
[WhiteElo "1920"]
[BlackElo "2008"]
[PlyCount "58"]
[EventDate "2013.11.17"]

1. e4 e5 2. Nf3 Nc6 3. Bc4 Nf6 4. d4 exd4 5. O-O Nxe4 6. Re1 d5 7. Bxd5 Qxd5 8.
Nc3 Qh5 9. Nxe4 Be6 10. Bg5 Bd6 11. Nxd6+ cxd6 12. c3 O-O 13. cxd4 Bg4 14. Bf4
Qd5 15. Be3 Rac8 16. a3 f5 17. Qd2 Bxf3 18. gxf3 Qxf3 19. d5 Ne5 20. Bf4 Qg4+
21. Kh1 Nf3 22. Qe3 Rce8 23. Qxe8 Rxe8 24. Rxe8+ Kf7 25. Rb8 Qxf4 26. Rxb7+ Kf6
27. Kg2 Qg4+ 28. Kf1 Nxh2+ 29. Ke1 Qg1+ 0-1

[Event "Polofinale MCR junioru 2013"]
[Site "Havlickuv Brod - hotel Slunce"]
[Date "2013.11.22"]
[Round "8.23"]
[White "Horak, Ales"]
[Black "Kriz, Vojtech"]
[Result "1-0"]
[WhiteElo "1988"]
[BlackElo "1546"]
[PlyCount "43"]
[EventDate "2013.11.17"]

1. e4 c5 2. c3 d5 3. exd5 Qxd5 4. d4 Nc6 5. Nf3 Bg4 6. Be2 Nf6 7. O-O e6 8. Na3
Be7 9. Nb5 Qd7 10. Ne5 Nxe5 11. dxe5 Bxe2 12. Qxe2 Nd5 13. c4 Nb6 14. Rd1 Qc6
15. Qg4 g6 16. Bh6 a6 17. Nd6+ Bxd6 18. Rxd6 Qc7 19. Qf4 Rg8 20. Rad1 g5 21.
Bxg5 Rg6 22. Qd2 1-0

[Event "Polofinale MCR junioru 2013"]
[Site "Havlickuv Brod - hotel Slunce"]
[Date "2013.11.22"]
[Round "8.24"]
[White "Stancik, Jakub"]
[Black "Skorepa, Tomas"]
[Result "0-1"]
[WhiteElo "1849"]
[BlackElo "1766"]
[PlyCount "44"]
[EventDate "2013.11.17"]

1. e4 c5 2. Nf3 e6 3. d4 cxd4 4. Nxd4 a6 5. Bd3 Qc7 6. Qe2 d6 7. Nc3 Nf6 8. O-O
Be7 9. Kh1 Nbd7 10. Bd2 O-O 11. f4 b5 12. a3 Bb7 13. Rad1 Nc5 14. e5 Nd5 15.
Bxh7+ Kxh7 16. Qh5+ Kg8 17. Rf3 Nf6 18. exf6 Bxf3 19. Nxf3 Bxf6 20. Be3 d5 21.
Ng5 Bxg5 22. fxg5 Qd6 0-1

[Event "Polofinale MCR junioru 2013"]
[Site "Havlickuv Brod - hotel Slunce"]
[Date "2013.11.22"]
[Round "8.26"]
[White "Danhel, Lukas"]
[Black "Strnad, Jakub"]
[Result "0-1"]
[WhiteElo "1670"]
[BlackElo "1772"]
[PlyCount "26"]
[EventDate "2013.11.17"]

1. e4 e5 2. Nf3 Nc6 3. d4 exd4 4. Nxd4 Bc5 5. Be3 Qf6 6. c3 Nge7 7. Bc4 Ne5 8.
Nd2 Qg6 9. O-O d6 10. Kh1 O-O 11. h3 Bb6 12. f4 Qxe4 13. Bg1 Bxd4 0-1

[Event "Polofinale MCR junioru 2013"]
[Site "Havlickuv Brod - hotel Slunce"]
[Date "2013.11.22"]
[Round "8.27"]
[White "Sucharda, David"]
[Black "Ocko, Dominik"]
[Result "1-0"]
[WhiteElo "1712"]
[BlackElo "1493"]
[PlyCount "87"]
[EventDate "2013.11.17"]

1. Nf3 d5 2. g3 Nc6 3. d4 Nf6 4. Bg2 e5 5. Nxe5 Nxe5 6. dxe5 Ne4 7. Bxe4 dxe4
8. Qxd8+ Kxd8 9. Bf4 Bb4+ 10. c3 Be7 11. Nd2 Bf5 12. O-O-O Kc8 13. h4 Rf8 14.
h5 h6 15. Nc4 b6 16. Ne3 Be6 17. Nd5 Re8 18. Kc2 Kb7 19. Ne3 Rad8 20. f3 exf3
21. exf3 a5 22. g4 Bxa2 23. Nf5 Bf8 24. Rd4 Rxd4 25. Nxd4 Be6 26. Nxe6 Rxe6 27.
Kd3 Kc6 28. Bg3 f6 29. Re1 fxe5 30. Rxe5 Rxe5 31. Bxe5 Kd7 32. c4 c6 33. Bc3
Ke6 34. Ke4 Kf7 35. Kf5 Be7 36. b3 Bf6 37. Bd2 Bh4 38. f4 Be7 39. g5 hxg5 40.
fxg5 Bf8 41. g6+ Ke8 42. Ke6 Be7 43. h6 gxh6 44. g7 1-0

[Event "Polofinale MCR junioru 2013"]
[Site "Havlickuv Brod - hotel Slunce"]
[Date "2013.11.22"]
[Round "8.29"]
[White "Stuchly, Ondrej"]
[Black "Nosek, Jan"]
[Result "1-0"]
[WhiteElo "1803"]
[BlackElo "1717"]
[PlyCount "105"]
[EventDate "2013.11.17"]

1. e4 c5 2. Nf3 d6 3. d4 cxd4 4. Nxd4 Nf6 5. Nc3 Nc6 6. Bg5 e6 7. Qd2 Bd7 8.
O-O-O a6 9. f4 h6 10. Bxf6 Qxf6 11. g3 Qxd4 12. Qxd4 Nxd4 13. Rxd4 Bc6 14. Bg2
Be7 15. Rhd1 O-O 16. R4d2 Rfd8 17. Ne2 b5 18. Kb1 Rac8 19. Nd4 Bb7 20. c3 Rc4
21. Re1 d5 22. exd5 Bxd5 23. Bxd5 Rxd5 24. Red1 b4 25. cxb4 Bxb4 26. Rd3 e5 27.
fxe5 Rxe5 28. a3 Be7 29. Nf3 Rb5 30. R1d2 Bf6 31. Ka2 Rc8 32. Rb3 Rxb3 33. Kxb3
Rb8+ 34. Ka2 Kh7 35. Nd4 Rd8 36. Nb3 Rxd2 37. Nxd2 Kg6 38. b4 h5 39. Kb3 Be5
40. Kc4 h4 41. Nf3 hxg3 42. Nxe5+ Kf5 43. Nf3 Kg4 44. hxg3 Kxf3 45. a4 Kxg3 46.
b5 axb5+ 47. axb5 f5 48. b6 f4 49. b7 f3 50. b8=Q+ Kg2 51. Qb7 g5 52. Kd3 g4
53. Ke3 1-0

[Event "Polofinale MCR junioru 2013"]
[Site "Havlickuv Brod - hotel Slunce"]
[Date "2013.11.22"]
[Round "8.31"]
[White "Broz, Petr"]
[Black "Gregor, Jiri"]
[Result "1-0"]
[WhiteElo "1504"]
[BlackElo "1553"]
[PlyCount "119"]
[EventDate "2013.11.17"]

1. d4 d5 2. c4 e6 3. Nc3 Nf6 4. cxd5 exd5 5. Bg5 Be7 6. e3 c6 7. Bd3 h6 8. Bf4
Bd6 9. Nge2 Qc7 10. Rc1 Bxf4 11. Nxf4 Qb6 12. Ncxd5 Nxd5 13. Nxd5 Qa5+ 14. Nc3
Nd7 15. O-O Nf6 16. Qa4 Qd8 17. e4 O-O 18. e5 Nd5 19. Nxd5 Qxd5 20. Qc4 Qd8 21.
Be4 Be6 22. Qb4 Rb8 23. a3 Bd5 24. Bxd5 Qxd5 25. Rc5 Qe6 26. f4 Rfd8 27. Rc3
Qd5 28. Rd3 c5 29. Qa4 cxd4 30. Qxa7 Qb5 31. Rxd4 Qxb2 32. Rxd8+ Rxd8 33. Qe3
Rd2 34. Qf3 Qd4+ 35. Kh1 b6 36. h3 Rd3 37. Qa8+ Kh7 38. Qa7 Qc4 39. Kh2 Rxa3
40. Qxa3 Qxf1 41. Qe3 Qb1 42. Kg3 b5 43. Kf3 b4 44. Qe4+ Qxe4+ 45. Kxe4 b3 46.
Kd3 Kg6 47. g4 f5 48. Kc3 fxg4 49. hxg4 Kf7 50. Kxb3 g6 51. Kc4 Ke6 52. Kd4 Ke7
53. f5 g5 54. Kd5 Kf8 55. e6 Ke8 56. Kd6 Kd8 57. f6 Ke8 58. f7+ Kf8 59. e7+
Kxf7 60. Kd7 1-0

[Event "Polofinale MCR junioru 2013"]
[Site "Havlickuv Brod - hotel Slunce"]
[Date "2013.11.23"]
[Round "9.2"]
[White "Vykouk, Jan"]
[Black "Rabatin, Jakub"]
[Result "1/2-1/2"]
[WhiteElo "2090"]
[BlackElo "2243"]
[PlyCount "76"]
[EventDate "2013.11.17"]

1. d4 c5 2. d5 e5 3. c4 d6 4. e4 g6 5. Nc3 Bg7 6. Bd2 Ne7 7. Be2 O-O 8. Qc2 a6
9. O-O-O Nd7 10. g4 b5 11. cxb5 axb5 12. Bxb5 Ba6 13. Kb1 Bxb5 14. Nxb5 Qb6 15.
a4 Rfc8 16. Ne2 c4 17. Be3 Qb8 18. Nec3 Nc5 19. Bxc5 Rxc5 20. g5 Nc8 21. h4 Nb6
22. Na3 Nxa4 23. Nxa4 Rca5 24. Ka2 Rxa4 25. Rh3 Bf8 26. h5 Be7 27. hxg6 fxg6
28. Rdh1 Qb4 29. Rg1 Bd8 30. Qd1 c3 31. Rxc3 Qxc3 32. bxc3 Rxa3+ 33. Kb2 Bb6
34. Qb1 Bc5 35. Kc2 Ra2+ 36. Kd3 Rxf2 37. Rf1 Raf8 38. Rxf2 Rxf2 1/2-1/2

[Event "Polofinale MCR junioru 2013"]
[Site "Havlickuv Brod - hotel Slunce"]
[Date "2013.11.23"]
[Round "9.3"]
[White "Marek, Matyas"]
[Black "Balacek, Tadeas"]
[Result "1/2-1/2"]
[WhiteElo "2017"]
[BlackElo "2201"]
[PlyCount "82"]
[EventDate "2013.11.17"]

1. e4 e6 2. d4 d5 3. Nc3 Nf6 4. e5 Nfd7 5. Nce2 c5 6. f4 Nc6 7. c3 Qb6 8. Nf3
Be7 9. a3 f6 10. h4 O-O 11. Rh3 a5 12. b3 Qc7 13. Neg1 b6 14. Be3 Ba6 15. Bxa6
Rxa6 16. Qd3 Raa8 17. Ne2 Qb7 18. c4 cxd4 19. Nexd4 Nc5 20. Qc2 Nxd4 21. Bxd4
f5 22. Kf1 Rac8 23. Bxc5 Bxc5 24. Ng5 Rfe8 25. Rd3 h6 26. Nf3 dxc4 27. bxc4 Qe4
28. g3 b5 29. Re1 Qxc4 30. Qxc4 bxc4 31. Rc3 Red8 32. Rec1 Rd3 33. Rxd3 cxd3
34. Rc3 a4 35. Nd2 Rc7 36. Rxd3 Rb7 37. Rc3 Be7 38. Ke2 Rb2 39. Kd3 Ra2 40. Nc4
Rg2 41. Kd4 Kf7 1/2-1/2